[Event "Oberliga Ost-B 2122"]
[Site "Germany"]
[Date "2022.07.02"]
[Round "6.7"]
[White "Haubt, Georg"]
[Black "Schmidt, Daniel"]
[Result "0-1"]
[WhiteElo "2136"]
[BlackElo "1865"]
[PlyCount "80"]
[EventDate "2021.10.10"]
[EventType "team-tourn"]
[EventRounds "11"]
[EventCountry "GER"]
[SourceTitle "EXT 2023"]
[Source "ChessBase"]
[SourceDate "2022.10.05"]
[SourceVersion "1"]
[SourceVersionDate "2022.10.05"]
[SourceQuality "1"]
[WhiteTeam "Oberursel"]
[BlackTeam "Stadtilm Blau Weiss"]
[WhiteTeamCountry "GER"]
[BlackTeamCountry "GER"]

1. d4 Nf6 2. Bf4 g6 3. Nc3 Bg7 4. e4 d6 5. Be2 0-0 6. h4 h5 7. Nf3 Nc6 8. Qd2 Bg4 9. d5 Nb8 10. Bh6 Nbd7 11. Bxg7 Kxg7 12. Ng5 Bxe2 13. Nxe2 Nc5 14. f3 e5 15. dxe6 Nxe6 16. 0-0-0 Rh8 17. Qc3 Qe7 18. g4 Kg8 19. Nxe6 fxe6 20. Nf4 Kf7 21. gxh5 Nxh5 22. Nh3 Ng3 23. Rh2 Rxh4 24. Qe3 Rah8 25. Ng5+ Kg7 26. Rg2 Nh5 27. Rg4 Nf6 28. Rxh4 Rxh4 29. Qxa7 Nh5 30. Rg1 Nf4 31. Kd1 b6 32. Qa3 Rh5 33. Qc3+ e5 34. Rg4 Kh6 35. Qe1 Rxg5 36. Qh4+ Nh5 37. c4 Qf6 38. Qh3 Kg7 39. Rh4 Qf7 40. b3 Rg3 0-1

[Event "Oberliga Ost-B 2122"]
[Site "Germany"]
[Date "2022.05.01"]
[Round "3.8"]
[White "Reuter, Elisa"]
[Black "Schmidt, Daniel"]
[Result "1-0"]
[WhiteElo "1881"]
[BlackElo "1865"]
[PlyCount "115"]
[EventDate "2021.10.10"]
[EventType "team-tourn"]
[EventRounds "11"]
[EventCountry "GER"]
[SourceTitle "EXT 2023"]
[Source "ChessBase"]
[SourceDate "2022.10.05"]
[SourceVersion "1"]
[SourceVersionDate "2022.10.05"]
[SourceQuality "1"]
[WhiteTeam "Erfurt Empor"]
[BlackTeam "Stadtilm Blau Weiss"]
[WhiteTeamCountry "GER"]
[BlackTeamCountry "GER"]

1. e4 c5 2. Nf3 d6 3. d4 cxd4 4. Nxd4 Nf6 5. Nc3 a6 6. Be2 e5 7. Nb3 Be7 8. 0-0 0-0 9. Kh1 b5 10. a4 b4 11. Nd5 Nxd5 12. Qxd5 Ra7 13. Be3 Be6 14. Qd2 Rb7 15. a5 Qc8 16. f4 Bc4 17. Bd3 Nd7 18. f5 f6 19. Rac1 Bb5 20. Rf3 Nc5 21. Bxb5 Rxb5 22. Bxc5 dxc5 23. Qd5+ Rf7 24. Qc4 g6 25. Rcf1 Kg7 26. Rh3 Rf8 27. Rg3 g5 28. h4 h6 29. Rd1 Rd8 30. Rxd8 Qxd8 31. Rd3 Qg8 32. Qxg8+ Kxg8 33. Rd7 Kf8 34. Rc7 Ke8 35. Rc6 c4 36. Rxc4 Kd7 37. h5 Bd8 38. Nc5+ Ke7 39. Nxa6 Bxa5 40. Rc5 Rxc5 41. Nxc5 Bb6 42. Nd3 Bd4 43. g4 Kd6 44. b3 Kc6 45. Kg2 Kb5 46. Kf3 Bb6 47. Ke2 Ba7 48. Nb2 Bb6 49. Kd3 Bc7 50. Nc4 Kc5 51. Ne3 Bb6 52. Nd5 Bd8 53. c3 bxc3 54. Kxc3 Kb5 55. b4 Kc6 56. Kc4 Kd6 57. b5 Kd7 58. Kc5 1-0

[Event "Oberliga Ost-B 2122"]
[Site "Germany"]
[Date "2021.10.10"]
[Round "1.7"]
[White "Schmidt, Daniel"]
[Black "Hilbig, Dieter"]
[Result "1/2-1/2"]
[WhiteElo "1865"]
[BlackElo "1979"]
[PlyCount "44"]
[EventDate "2021.10.10"]
[EventType "team-tourn"]
[EventRounds "11"]
[EventCountry "GER"]
[SourceTitle "EXT 2023"]
[Source "ChessBase"]
[SourceDate "2022.10.05"]
[SourceVersion "1"]
[SourceVersionDate "2022.10.05"]
[SourceQuality "1"]
[WhiteTeam "Stadtilm Blau Weiss"]
[BlackTeam "Gera"]
[WhiteTeamCountry "GER"]
[BlackTeamCountry "GER"]

1. c4 c5 2. Nc3 Nc6 3. g3 Nf6 4. Bg2 e6 5. Nf3 Be7 6. 0-0 0-0 7. d4 cxd4 8. Nxd4 Nxd4 9. Qxd4 a6 10. b3 Qc7 11. Bb2 Rb8 12. Rac1 b6 13. Rfd1 Rd8 14. Ne4 d6 15. Bc3 Bb7 16. Nxf6+ Bxf6 17. Qg4 Bxc3 18. Rxc3 Bxg2 19. Kxg2 d5 20. Rcd3 dxc4 21. Qxc4 Qb7+ 22. f3 Rxd3 1/2-1/2

[Event "Rostock SSC op 16th"]
[Site "Rostock"]
[Date "2017.07.30"]
[Round "7"]
[White "Schmidt, Daniel"]
[Black "Freyberg, Dominic"]
[Result "1/2-1/2"]
[WhiteElo "1869"]
[BlackElo "2163"]
[PlyCount "54"]
[EventDate "2017.07.26"]
[EventType "swiss"]
[EventRounds "7"]
[EventCountry "GER"]
[SourceTitle "EXT 2018"]
[Source "ChessBase"]
[SourceDate "2017.10.13"]
[SourceVersion "1"]
[SourceVersionDate "2017.10.13"]
[SourceQuality "1"]

1. c4 Nf6 2. Nf3 g6 3. g3 Bg7 4. Bg2 0-0 5. 0-0 d6 6. d4 Nbd7 7. Nc3 e5 8. dxe5 dxe5 9. e4 c6 10. Re1 Qc7 11. b3 Re8 12. Bb2 Nc5 13. Qc2 a5 14. Rad1 Nfd7 15. Ba3 Bf8 16. Bb2 Na6 17. a3 Ndc5 18. Na2 Nd7 19. Rc1 Qb6 20. Rb1 f6 21. Bc1 Rd8 22. Be3 Qc7 23. b4 Ndb8 24. bxa5 Nc5 25. Nd2 Be6 26. Nb3 Nbd7 27. Nac1 Nxb3 1/2-1/2

[Event "Erfurt HT op 26th"]
[Site "Erfurt"]
[Date "2016.12.27"]
[Round "3"]
[White "Schmidt, Daniel"]
[Black "Spitzl, Philipp"]
[Result "1-0"]
[WhiteElo "1747"]
[BlackElo "2065"]
[PlyCount "71"]
[EventDate "2016.12.26"]
[EventType "swiss"]
[EventRounds "8"]
[EventCountry "GER"]
[SourceTitle "EXT 2018"]
[Source "ChessBase"]
[SourceDate "2017.10.13"]
[SourceVersion "1"]
[SourceVersionDate "2017.10.13"]
[SourceQuality "1"]

1. e4 e6 2. d4 d5 3. Nc3 Bb4 4. e5 c5 5. a3 Bxc3+ 6. bxc3 Ne7 7. Nf3 Qa5 8. Bd2 Qa4 9. Bd3 Nbc6 10. Be3 c4 11. Be2 Bd7 12. 0-0 0-0-0 13. Qd2 h6 14. Rfb1 Nf5 15. Ne1 Qa5 16. f3 Nxe3 17. Qxe3 Rdf8 18. f4 g5 19. fxg5 hxg5 20. Nf3 Rfg8 21. Nxg5 Rg7 22. g3 Ne7 23. Bg4 Rhg8 24. h4 Nf5 25. Bxf5 exf5 26. Rf1 Be6 27. Kg2 Qd8 28. a4 Qa5 29. Ra3 Qb6 30. Rfa1 Kc7 31. a5 Qc6 32. Ra4 Kb8 33. Rb4 Ka8 34. Qc1 Qc7 35. Rb6 Qe7 36. Rd6 1-0

[Event "Vellmar op 8th"]
[Site "Vellmar"]
[Date "2016.07.31"]
[Round "7"]
[White "Mueller, Tobias"]
[Black "Schmidt, Daniel"]
[Result "1-0"]
[WhiteElo "1672"]
[BlackElo "1876"]
[PlyCount "117"]
[EventDate "2016.07.28"]
[EventType "swiss"]
[EventRounds "7"]
[EventCountry "GER"]
[SourceTitle "CBM 173 Extra"]
[Source "ChessBase"]
[SourceDate "2016.08.29"]
[SourceVersion "1"]
[SourceVersionDate "2016.08.29"]
[SourceQuality "1"]

1. d4 Nf6 2. c4 g6 3. Nc3 Bg7 4. Nf3 0-0 5. e4 d6 6. Be2 Nbd7 7. 0-0 e5 8. Be3 b6 9. dxe5 dxe5 10. Qc2 c6 11. Rfd1 Qe7 12. Rab1 Ng4 13. Bg5 f6 14. Bh4 g5 15. Bg3 Nc5 16. b4 Ne6 17. h3 Nh6 18. b5 c5 19. Nd5 Qf7 20. a4 Nd4 21. Nxd4 cxd4 22. c5 bxc5 23. Qxc5 Be6 24. Ne7+ Kh8 25. Nc6 Rfc8 26. Rdc1 Bf8 27. Qc2 Bd6 28. Qb2 Qd7 29. Qd2 Nf7 30. Nb4 Bxb4 31. Qxb4 Nd6 32. Bd3 Rab8 33. a5 Kg7 34. Rxc8 Nxc8 35. Qc5 Qd6 36. Rc1 Bf7 37. Qc7 Qxc7 38. Rxc7 Nd6 39. a6 Nxb5 40. Rb7 Rc8 41. Bxb5 Kg8 42. Kf1 Rc1+ 43. Ke2 Rc5 44. Bd3 Ra5 45. f4 Ra2+ 46. Kf1 Ra3 47. Bb5 Rxg3 48. Rxa7 Ra3 49. Rb7 Ra1+ 50. Kf2 Ra2+ 51. Kg3 exf4+ 52. Kg4 Rxg2+ 53. Kf5 Kg7 54. Bc4 Rc2 55. Rxf7+ Kh6 56. Rxf6+ Kh5 57. Rf7 h6 58. Bd3 Rc5+ 59. Ke6 1-0

[Event "GER-ch U25-A"]
[Site "Willingen"]
[Date "2016.05.15"]
[Round "1"]
[White "Grunert, Friedrich"]
[Black "Schmidt, Daniel"]
[Result "0-1"]
[WhiteElo "1694"]
[BlackElo "1861"]
[PlyCount "88"]
[EventDate "2016.05.15"]
[EventType "swiss"]
[EventRounds "9"]
[EventCountry "GER"]
[SourceTitle "CBM 172 Extra"]
[Source "ChessBase"]
[SourceDate "2016.06.21"]
[SourceVersion "1"]
[SourceVersionDate "2016.06.21"]
[SourceQuality "1"]

1. e4 c5 2. Nf3 d6 3. c3 Nf6 4. Be2 Nc6 5. d4 cxd4 6. cxd4 Nxe4 7. d5 Qa5+ 8. Nc3 Nb8 9. 0-0 Nxc3 10. bxc3 g6 11. Qd4 Rg8 12. Re1 Nd7 13. Bd2 Qc5 14. Qh4 h6 15. Bd1 g5 16. Qe4 Nf6 17. Qe2 Nxd5 18. Qd3 Bd7 19. Bb3 Nf6 20. Be3 Qc7 21. Bd4 Bg7 22. Bxf6 Bxf6 23. Qh7 Rf8 24. Qxh6 0-0-0 25. Qh7 Kb8 26. Qd3 Qxc3 27. Qe2 Rc8 28. Rab1 Bf5 29. Bd5 Bxb1 30. Rxb1 b6 31. h3 Qc5 32. Be4 d5 33. Bd3 Qd6 34. Ba6 Rc7 35. a4 Rc5 36. Qd2 Ka8 37. Nd4 Bxd4 38. Qxd4 e5 39. Qg4 f6 40. Qh5 Qe7 41. Rb5 Rxb5 42. axb5 Kb8 43. Qf3 e4 44. Qf5 Rd8 0-1

[Event "GER-ch U25-A"]
[Site "Willingen"]
[Date "2016.05.15"]
[Round "2"]
[White "Schmidt, Daniel"]
[Black "Meyer, Henrik"]
[Result "0-1"]
[WhiteElo "1861"]
[BlackElo "2068"]
[PlyCount "110"]
[EventDate "2016.05.15"]
[EventType "swiss"]
[EventRounds "9"]
[EventCountry "GER"]
[SourceTitle "CBM 172 Extra"]
[Source "ChessBase"]
[SourceDate "2016.06.21"]
[SourceVersion "1"]
[SourceVersionDate "2016.06.21"]
[SourceQuality "1"]

1. c4 e5 2. Nc3 Nc6 3. g3 f5 4. Bg2 Nf6 5. e3 d6 6. Nge2 Be6 7. b3 d5 8. cxd5 Nxd5 9. 0-0 Be7 10. Bb2 0-0 11. Rc1 Qd7 12. d4 exd4 13. Nxd4 Nxc3 14. Bxc3 Nxd4 15. Qxd4 Qxd4 16. exd4 c6 17. Rfe1 Kf7 18. Rc2 Bf6 19. Rce2 Rfe8 20. f4 Rad8 21. Rd2 Rd7 22. Kf2 Red8 23. Red1 Bd5 24. Bf1 g5 25. Bd3 Be6 26. Bf1 gxf4 27. gxf4 Bd5 28. Bh3 Be4 29. Bf1 Bh4+ 30. Ke3 b5 31. Bd3 Re8 32. Bxe4 Rxe4+ 33. Kf3 Rde7 34. Rd3 Re2 35. R1d2 Rxd2 36. Bxd2 Rd7 37. Bc3 Bf6 38. Ke3 Ke6 39. Bb2 Kd5 40. Bc3 Re7+ 41. Kf3 Re4 42. a3 Bxd4 43. Bxd4 Rxd4 44. Re3 Kd6 45. Kg3 c5 46. Rf3 c4 47. bxc4 bxc4 48. Kh4 Rd3 49. Rf2 c3 50. Kg5 Rd2 51. Rf3 c2 52. Rc3 Ke6 53. Rc6+ Kd5 54. Rc8 Ke4 55. Re8+ Kd3 0-1

[Event "Magdeburg op-A"]
[Site "Magdeburg"]
[Date "2014.06.10"]
[Round "4"]
[White "Borchert, Louis"]
[Black "Schmidt, Daniel"]
[Result "1/2-1/2"]
[WhiteElo "1869"]
[BlackElo "1707"]
[PlyCount "90"]
[EventDate "2014.06.08"]
[EventType "swiss"]
[EventRounds "9"]
[EventCountry "GER"]
[SourceTitle "CBM 160 Extra"]
[Source "ChessBase"]
[SourceDate "2014.07.01"]
[SourceVersion "1"]
[SourceVersionDate "2014.07.01"]
[SourceQuality "1"]

1. e4 c5 2. c3 Nf6 3. e5 Nd5 4. d4 cxd4 5. Nf3 e6 6. cxd4 Bb4+ 7. Bd2 Bxd2+ 8. Nbxd2 d6 9. Ne4 dxe5 10. dxe5 0-0 11. Be2 Qa5+ 12. Qd2 Qxd2+ 13. Nfxd2 Nc6 14. Nc4 Nf4 15. g3 Nxe2 16. Kxe2 b6 17. f4 Ba6 18. Ned6 Na5 19. Rac1 Nxc4 20. Nxc4 Rac8 21. b3 Rfd8 22. Ke3 Bxc4 23. Rxc4 Rxc4 24. bxc4 Kf8 25. a4 Ke7 26. a5 Rc8 27. Kd4 Kd7 28. Ra1 Rc7 29. axb6 axb6 30. Ra8 h5 31. Rf8 Kc6 32. h3 g6 33. Rd8 Rd7+ 34. Rxd7 Kxd7 35. Kc3 Kc7 36. Kb3 Kc6 37. Kb4 Kc7 38. Kb5 Kb7 39. Ka4 Kc6 40. Kb4 Kc7 41. c5 Kc6 42. cxb6 Kxb6 43. Kc4 Kc6 44. g4 hxg4 45. hxg4 Kb6 1/2-1/2

[Event "Magdeburg op-A"]
[Site "Magdeburg"]
[Date "2014.06.10"]
[Round "5"]
[White "Schmidt, Daniel"]
[Black "Alten, Silvio"]
[Result "1/2-1/2"]
[WhiteElo "1707"]
[BlackElo "1838"]
[PlyCount "50"]
[EventDate "2014.06.08"]
[EventType "swiss"]
[EventRounds "9"]
[EventCountry "GER"]
[SourceTitle "CBM 160 Extra"]
[Source "ChessBase"]
[SourceDate "2014.07.01"]
[SourceVersion "1"]
[SourceVersionDate "2014.07.01"]
[SourceQuality "1"]

1. d4 d5 2. g3 Nf6 3. Bg2 c6 4. e3 Qc7 5. Nf3 Bg4 6. 0-0 Nbd7 7. Nbd2 e5 8. dxe5 Nxe5 9. c4 Be7 10. Qc2 0-0 11. b3 dxc4 12. bxc4 Rad8 13. Nxe5 Qxe5 14. Bb2 Qh5 15. Ne4 Nxe4 16. Qxe4 Rfe8 17. Qc2 Bf3 18. Qc3 Bf6 19. Qb3 Bxb2 20. Qxb2 Rd7 21. Rac1 Red8 22. Qa3 b6 23. c5 b5 24. Qa5 Bxg2 25. Kxg2 Qd5+ 1/2-1/2

[Event "Magdeburg op-A"]
[Site "Magdeburg"]
[Date "2014.06.08"]
[Round "1"]
[White "Schmidt, Daniel"]
[Black "Cremer, Jan Paul"]
[Result "1/2-1/2"]
[WhiteElo "1707"]
[BlackElo "2220"]
[PlyCount "95"]
[EventDate "2014.06.08"]
[EventType "swiss"]
[EventRounds "9"]
[EventCountry "GER"]
[SourceTitle "CBM 160 Extra"]
[Source "ChessBase"]
[SourceDate "2014.07.01"]
[SourceVersion "1"]
[SourceVersionDate "2014.07.01"]
[SourceQuality "1"]

1. d4 Nf6 2. g3 g6 3. Bg2 Bg7 4. c4 0-0 5. Nc3 d6 6. Nf3 Nc6 7. d5 Na5 8. Nd2 c5 9. 0-0 a6 10. Qc2 Ng4 11. b3 b5 12. cxb5 axb5 13. Bb2 Rb8 14. Nd1 Nf6 15. e4 e6 16. Ne3 exd5 17. Nxd5 Nc6 18. Nxf6+ Bxf6 19. Bxf6 Qxf6 20. Nf3 Bg4 21. Qd3 Nb4 22. Qd1 Ra8 23. a3 Nc6 24. h3 Bxf3 25. Bxf3 Ra7 26. Bg2 Nd4 27. Qd3 Rc8 28. Rfd1 Qe6 29. b4 Nb3 30. Rab1 c4 31. Qc3 Rxa3 32. Rd5 Rca8 33. Rxb5 Nc5 34. Rb8+ Rxb8 35. Qxa3 Nxe4 36. Re1 d5 37. Re3 Qc6 38. Bxe4 dxe4 39. Qc3 Qd5 40. Kg2 f5 41. f3 exf3+ 42. Rxf3 Ra8 43. Kg1 Ra2 44. Rf2 Qd1+ 45. Kg2 Rxf2+ 46. Kxf2 Qb3 47. Qd2 Kg7 48. Qd4+ 1/2-1/2

[Event "GER-chT U16"]
[Site "Lingen"]
[Date "2013.12.30"]
[Round "7.2"]
[White "Lahouel, Kim Luca"]
[Black "Schmidt, Daniel"]
[Result "0-1"]
[WhiteElo "1555"]
[BlackElo "1694"]
[PlyCount "90"]
[EventDate "2013.12.27"]
[EventType "team-swiss"]
[EventRounds "7"]
[EventCountry "GER"]
[SourceTitle "EXT 2015"]
[Source "ChessBase"]
[SourceDate "2014.11.20"]
[SourceVersion "1"]
[SourceVersionDate "2014.11.20"]
[SourceQuality "1"]
[WhiteTeam "Heilbronn"]
[BlackTeam "Stadtilm Blau Weiss"]
[WhiteTeamCountry "GER"]
[BlackTeamCountry "GER"]

1. e4 c5 2. c3 Nf6 3. d4 cxd4 4. e5 Nd5 5. cxd4 e6 6. Nc3 Nxc3 7. bxc3 Qc7 8. Qb3 d5 9. Nf3 Nc6 10. Bd2 b6 11. Be2 Be7 12. 0-0 0-0 13. Rac1 Na5 14. Qc2 Bd7 15. h3 f6 16. Bd3 f5 17. Rfe1 h6 18. Bf4 Qd8 19. Qe2 Be8 20. c4 dxc4 21. Bxc4 Nxc4 22. Qxc4 Bf7 23. Qb3 Rc8 24. Red1 Qd7 25. Qb2 Bh5 26. Qb3 g5 27. Rxc8 Rxc8 28. Bg3 Rd8 29. Rd3 f4 30. Bh2 Qd5 31. Qc2 Bg6 32. Qd1 Bxd3 33. Qxd3 Kg7 34. Qa6 Qc6 35. Qf1 Qc2 36. g3 fxg3 37. Bxg3 Rf8 38. Ne1 Qxa2 39. Qd3 Qd5 40. Qe3 a5 41. f4 a4 42. fxg5 Bxg5 43. Qc3 Qb3 44. Qc7+ Rf7 45. Qc2 Qxg3+ 0-1

[Event "GER-chT U16"]
[Site "Lingen"]
[Date "2013.12.29"]
[Round "6.2"]
[White "Schmidt, Daniel"]
[Black "Nguyen, Gia Huy Philipp"]
[Result "1/2-1/2"]
[WhiteElo "1694"]
[BlackElo "1563"]
[PlyCount "61"]
[EventDate "2013.12.27"]
[EventType "team-swiss"]
[EventRounds "7"]
[EventCountry "GER"]
[SourceTitle "EXT 2015"]
[Source "ChessBase"]
[SourceDate "2014.11.20"]
[SourceVersion "1"]
[SourceVersionDate "2014.11.20"]
[SourceQuality "1"]
[WhiteTeam "Stadtilm Blau Weiss"]
[BlackTeam "Solingen"]
[WhiteTeamCountry "GER"]
[BlackTeamCountry "GER"]

1. c4 Nf6 2. Nc3 g6 3. d4 Bg7 4. Nf3 0-0 5. g3 d6 6. Bg2 Nc6 7. d5 Na5 8. Nd2 c5 9. 0-0 Rb8 10. a3 a6 11. b4 Nxd5 12. Nxd5 Bxa1 13. bxa5 Be6 14. Nb6 Bc3 15. Qa4 f5 16. Nb1 Bg7 17. Qc2 Bd7 18. Bb2 Bc6 19. Bxg7 Kxg7 20. Nd2 e6 21. Qc3+ Kg8 22. Rd1 Qe7 23. e4 fxe4 24. Nxe4 Rbd8 25. Qe3 Rf5 26. f4 d5 27. g4 d4 28. Qg3 Rff8 29. g5 Bxe4 30. Bxe4 Rf7 31. h4 1/2-1/2

[Event "Erfurt op HT 23rd"]
[Site "Erfurt"]
[Date "2013.12.27"]
[Round "3"]
[White "Schmidt, Daniel"]
[Black "Niessner, Ansgar"]
[Result "1/2-1/2"]
[WhiteElo "1671"]
[BlackElo "1920"]
[PlyCount "47"]
[EventDate "2013.12.26"]
[EventType "swiss"]
[EventRounds "8"]
[EventCountry "GER"]
[SourceTitle "EXT 2016"]
[Source "ChessBase"]
[SourceDate "2015.10.08"]
[SourceVersion "1"]
[SourceVersionDate "2015.10.08"]
[SourceQuality "1"]

1. e4 c6 2. d4 d5 3. Nc3 dxe4 4. Nxe4 Nd7 5. Nf3 Ngf6 6. Ng3 e6 7. Bd3 Bd6 8. 0-0 0-0 9. c3 c5 10. Be3 Re8 11. Qc2 h6 12. Rad1 Qc7 13. Qd2 cxd4 14. cxd4 Nd5 15. Rc1 Qb8 16. Bxh6 gxh6 17. Qxh6 Bf4 18. Qh7+ Kf8 19. Bg6 fxg6 20. Nh4 Ne7 21. Qh8+ Kf7 22. Qh7+ Kf8 23. Qh8+ Kf7 24. Qh7+ 1/2-1/2

[Event "GER-ch U25 op-B"]
[Site "Oberhof"]
[Date "2012.06.01"]
[Round "8"]
[White "Riedel, Erich"]
[Black "Schmidt, Daniel"]
[Result "1/2-1/2"]
[WhiteElo "1276"]
[BlackElo "1419"]
[PlyCount "40"]
[EventDate "2012.05.27"]
[EventType "swiss"]
[EventRounds "9"]
[EventCountry "GER"]
[SourceTitle "CBM 148 Extra"]
[Source "ChessBase"]
[SourceDate "2012.06.22"]
[SourceVersion "1"]
[SourceVersionDate "2012.06.22"]
[SourceQuality "1"]

1. c4 c5 2. Nc3 g6 3. g3 Bg7 4. Bg2 Nf6 5. e3 0-0 6. Nge2 Nc6 7. d4 b6 8. 0-0 Bb7 9. b3 Qc7 10. Bb2 a6 11. Na4 Na5 12. dxc5 Bxg2 13. Kxg2 bxc5 14. Qc2 Nb7 15. Nac3 Qc6+ 16. Kg1 Qf3 17. Nf4 e6 18. Qe2 Qc6 19. Rad1 Nd6 20. f3 Nb7 1/2-1/2

[Event "GER-ch U25 op-B"]
[Site "Oberhof"]
[Date "2012.05.31"]
[Round "7"]
[White "Suvorov, Alexander David"]
[Black "Schmidt, Daniel"]
[Result "1/2-1/2"]
[WhiteElo "1223"]
[BlackElo "1419"]
[PlyCount "60"]
[EventDate "2012.05.27"]
[EventType "swiss"]
[EventRounds "9"]
[EventCountry "GER"]
[SourceTitle "CBM 148 Extra"]
[Source "ChessBase"]
[SourceDate "2012.06.22"]
[SourceVersion "1"]
[SourceVersionDate "2012.06.22"]
[SourceQuality "1"]

1. d4 d5 2. Nf3 Nf6 3. c4 e6 4. Nc3 Be7 5. Bg5 c6 6. e3 0-0 7. cxd5 Nxd5 8. Bxe7 Qxe7 9. a3 Nxc3 10. bxc3 Nd7 11. Bd3 b6 12. 0-0 Bb7 13. Re1 c5 14. e4 cxd4 15. cxd4 Nf6 16. Qa4 Qd7 17. Qxd7 Nxd7 18. e5 Bxf3 19. gxf3 Rac8 20. Rac1 Nb8 21. Be4 Rcd8 22. Red1 Rd7 23. f4 Rfd8 24. Bg2 g6 25. Kf1 Na6 26. Rc4 b5 27. Rc6 Nb8 28. Rc5 a6 29. Ke2 Kg7 30. Ke3 Ra7 1/2-1/2

[Event "Leutersdorf Sparkasse op 15th"]
[Site "Leutersdorf"]
[Date "2011.02.18"]
[Round "1"]
[White "Bauer, Veit"]
[Black "Schmidt, Daniel"]
[Result "0-1"]
[WhiteElo "1851"]
[BlackElo "1136"]
[PlyCount "84"]
[EventDate "2011.02.18"]
[EventType "swiss"]
[EventRounds "7"]
[EventCountry "GER"]
[SourceTitle "CBM 141 Extra"]
[Source "ChessBase"]
[SourceDate "2011.05.03"]
[SourceVersion "1"]
[SourceVersionDate "2011.05.03"]
[SourceQuality "1"]

1. e4 e6 2. d4 d5 3. Nc3 Bb4 4. e5 c5 5. a3 Ba5 6. Nf3 cxd4 7. Nxd4 Nc6 8. Nxc6 bxc6 9. b4 Bc7 10. Qd4 Ne7 11. Bd3 0-0 12. 0-0 Ng6 13. Bxg6 fxg6 14. Na4 Ba6 15. Re1 Qe7 16. Nc5 Bb6 17. Be3 Bc4 18. Qg4 Rae8 19. a4 Bc7 20. Bd4 g5 21. g3 Rf5 22. c3 Qf7 23. Rab1 h5 24. Qd1 Bd8 25. Rb2 Qg6 26. Nb7 Be7 27. Na5 Rc8 28. Nxc4 dxc4 29. Bxa7 Rd8 30. Bd4 c5 31. bxc5 Bxc5 32. Rd2 Be7 33. Bb6 Rb8 34. a5 g4 35. Rd7 Rxb6 36. axb6 Bc5 37. Re2 Bxb6 38. Qa1 h4 39. Qa8+ Kh7 40. Qb7 Rxf2 41. Rxf2 Qb1+ 42. Kg2 h3# 0-1